000 00273nam a22001217a 4500
008 170323b xxu||||| |||| 00| 0 eng d
041 _aeng
080 _a616.9
100 _a7
101 _aSHM
245 _aHELMIMET NGA LENDET FOSFORORGANIKE
_cMASTORI, E
942 _2udc
_cBK
999 _c8450
_d8450